|
|
|
|
| LEADER |
00702nta a2200181 i 4500 |
| 001 |
dipl96147 |
| 005 |
20201217115440.0 |
| 008 |
201216s2001 hu om 0|| zxx d |
| 040 |
|
|
|a SZTE Diploma Repozitórium
|b hun
|
| 041 |
|
|
|a zxx
|
| 100 |
1 |
|
|a Schepácz Réka
|
| 245 |
1 |
0 |
|a Harmónia és diszharmónia kettőse, rend és kaland viszonya Márai Sándor néhány 1930 és 1941 között született regényében
|h [elektronikus dokumentum] /
|c Réka Schepácz
|
| 260 |
|
|
|c 2001
|
| 650 |
|
4 |
|a Bölcsészettudományok
|
| 650 |
|
4 |
|a Humanities
|
| 650 |
|
4 |
|a Languages and Literature
|
| 700 |
1 |
|
|a Kakuszi Péter
|e ths
|
| 856 |
4 |
0 |
|u http://diploma.bibl.u-szeged.hu/id/eprint/96147/1/2001_schepacz_reka.pdf
|z Dokumentum-elérés
|